| 000 | 01509nam0a2200349 i 4500 | ||
|---|---|---|---|
| 001 | RU\NLR\BIBL_A\010023976 | ||
| 005 | 20240921213824.0 | ||
| 010 |
_a9785439604906 _93000 |
||
| 021 |
_aRU _b2013-94826 _96575 |
||
| 035 | _a(NILC)RuMoRGB-006701981 | ||
| 035 | _a(NLR Aleph) 010023976 | ||
| 090 |
_a9915894 _c9915894 |
||
| 100 | _a20140122d2013 km y0rusy50 ca | ||
| 101 | 0 | _arus | |
| 102 | _aRU | ||
| 105 | _ay|||z|||000yy | ||
| 200 | 1 |
_aВысшие меры уголовного наказания: новое слово в старом споре _eмонография _fВ. А. Тирранен |
|
| 210 |
_aМосква _cЮрлитинформ _d2013 |
||
| 215 |
_a182, [1] с. _cил. _d21 |
||
| 225 | 1 | _aУголовное право | |
| 300 | _aНа обороте тит. л. авт.: Тирранен В.А., к.ю.н., доц. | ||
| 320 | _aБиблиогр. в конце кн. (166 назв.) и в подстроч. примеч. | ||
| 606 | 1 |
_aЛишение свободы пожизненное _yРоссийская Федерация _92620128 _3RU\NLR\AUTH\661556688 |
|
| 606 | 1 |
_aСмертная казнь _yРоссийская Федерация _92220463 _3RU\NLR\AUTH\661333362 |
|
| 686 | 1 | _aХ628.102.3 | |
| 700 | 1 |
_aТирранен _bВ. А. _gВасилий Александрович |
|
| 801 | 0 |
_aRU _bRuMoRKP _c20131125 _gRCR |
|
| 801 | 2 |
_aRU _bРГБ _c20131213 _grcr |
|
| 942 | _cBOOK | ||
| 980 | _aNBR | ||